000
00209nam a22000857a 4500
008
160706b xxu||||| |||| 00| 0 eng d
100
_9
2388
_a
Mischief
245
_a
Gaid Blytions Mr Meddle's
260
_a
England
_c
1940
999
_c
2065
_d
2065